| 000 | 00614nam a2200217Ia 4500 | ||
|---|---|---|---|
| 005 | 20230309133206.0 | ||
| 008 | 131103s9999 xx 000 0 und d | ||
| 020 |
_a710069634 _cGBP 2.50 |
||
| 040 | _aLoreto College | ||
| 041 | _aEnglish | ||
| 082 |
_a822.33 _bSHA-FOA |
||
| 100 | _aFoakes,R.A. | ||
| 245 |
_aShakespeare _b the dark comedies to the last plays : from satire to celebration _cR.A.Foakes |
||
| 260 |
_aLondon _bRoutledge _c1971 |
||
| 300 | _avii,186 p. | ||
| 504 | _aIncludes index | ||
| 650 | _aEnglish Drama | ||
| 651 | _aShakespeare,William - Criticism | ||
| 850 | _aLCLIB | ||
| 942 | _cBK | ||
| 999 |
_c4914 _d55393 |
||